000 00326nam a2200133Ia 4500
100 _aGottfried/Byron S
942 _cBK
654 _aProgramming & Basic
245 _aTheory & Problem Of Programming With Pascal
260 _bMcGraw Hill.( Schaum''s)
_aNew York
_c1986
082 _a1.6
300 _a407
546 _aENGLISH
999 _c17831
_d17831